Zdokonaľovanie plánovitého procesu v priemyselných podnikoch čiastková úloha ŠPEV 903-533-201.03

Na minha lista:
Detalhes bibliográficos
Formato: Livro
Idioma:eslovaco
Publicado em: Bratislava VŠE 1989
Tags: Adicionar Tag
Sem tags, seja o primeiro a adicionar uma tag!

MARC

LEADER 00000nam a2200000 4500
001 c040660
005 20260325114533.5
041 0 |a slo 
044 |a SK 
245 1 0 |a Zdokonaľovanie plánovitého procesu v priemyselných podnikoch  |b čiastková úloha ŠPEV 903-533-201.03 
264 1 |a Bratislava  |b VŠE  |c 1989 
300 |a 54 s.